A brief abstract of the case concerning the letters patents for reprizals (hereunto annexed) against the States-General and their subjects : whereupon Capt. Compton Gwyther, William Coates, Joseph Bullivant, John Baxter, Francis Wansell, Francis Martin, John Gibson, and William Jones, prisoners in the Marshalsea, are to be tryed for their lives, according to the common law of England, on the 18th of February instant, upon the Statute of 28 Henry 8. cap. 15 under the pretence of piracy, for taking a Galliot-Hoy (called the Love of Rotterdam) laden with 160 tun of wine, and prunes, on the 3d of December last, bound from Bourdeaux to Dort /

Bibliographic Details
Main Author: Smith, Thomas, Gent
Format: eBook
Language:English
Published: [London : publisher not identified, 1681]
Series:Early English books online.
Subjects:
Online Access:Connect to the full text of this electronic book

MARC

Tag First Indicator Second Indicator Subfields
LEADER 00000nam a2200000Ia 4500
001 in00004246913
005 20200807093315.0
006 m g d
007 cr bn |||a|bb|
008 850413s1681 enk o 00| | eng d
035 |a (OCoLC)11914270 
040 |a EAA  |c EAA  |d m/c  |d WaOLN 
037 |a CL0037000014  |b ProQuest Information and Learning. 300 N. Zeeb Rd., Ann Arbor, MI 48106 
043 |a e-uk---  |a e-ne--- 
045 0 |b d1681 
049 |a UMIA 
100 1 |a Smith, Thomas,  |c Gent. 
245 1 2 |a A brief abstract of the case concerning the letters patents for reprizals (hereunto annexed) against the States-General and their subjects :  |b whereupon Capt. Compton Gwyther, William Coates, Joseph Bullivant, John Baxter, Francis Wansell, Francis Martin, John Gibson, and William Jones, prisoners in the Marshalsea, are to be tryed for their lives, according to the common law of England, on the 18th of February instant, upon the Statute of 28 Henry 8. cap. 15 under the pretence of piracy, for taking a Galliot-Hoy (called the Love of Rotterdam) laden with 160 tun of wine, and prunes, on the 3d of December last, bound from Bourdeaux to Dort /  |c faithfully recollected out of all the originals by Thomas Smith Gent. ; with some remarkable observations both upon the matters of fact, and the law in the whole case. 
260 |a [London :  |b publisher not identified,  |c 1681] 
300 |a 1 online resource (8 pages) 
336 |a text  |b txt  |2 rdacontent 
337 |a computer  |b c  |2 rdamedia 
338 |a online resource  |b cr  |2 rdacarrier 
500 |a Caption title. 
500 |a Signed at end: T.S.; dated: Feb. 12. 1680 [id est 1681] 
500 |a Reproduction of original in Huntington Library. 
510 4 |a Wing  |c S4228 
533 |a Electronic reproduction.  |b Ann Arbor, Mich. :  |c UMI,  |d 1999-  |f (Early English books online)  |n Digital version of: (Early English books, 1641-1700 ; 513:19)  |7 s1999 miun s 
610 1 0 |a United Provinces of the Netherlands.  |b Staten Generaal. 
610 2 0 |a East India Company. 
651 0 |a Great Britain  |x Foreign relations  |z Netherlands  |y 17th century. 
651 0 |a Netherlands  |x Foreign relations  |z Great Britain. 
830 0 |a Early English books online. 
856 4 0 |u http://proxy.library.tamu.edu/login?url=https://search.proquest.com/docview/2240891141  |z Connect to the full text of this electronic book  |t 0 
999 f f |s 34c4c546-2b13-395c-8d83-05353c145ce5  |i d2bb66b8-630d-3ac9-b003-f312dbe9ee3d  |t 0 
952 f f |a Texas A&M University  |b College Station  |c Electronic Resources  |d Available Online  |t 0  |h No information provided 
998 f f |t 0  |l Available Online